| 000 | 01083 a2200205 4500 | ||
|---|---|---|---|
| 999 |
_c529035 _d529035 |
||
| 003 | Nust | ||
| 005 | 20190918131800.0 | ||
| 008 | 170320b xxu||||| |||| 00| 0 eng d | ||
| 038 | _aMSOHAIL | ||
| 040 | _cNust | ||
| 082 |
_a230.01 _bCHR |
||
| 100 |
_aAbdul waheed khan (Compiles by) _920900 |
||
| 245 |
_aChristianity Exposed _cAbdul waheed khan |
||
| 260 |
_aKarachi _bAbdul waheed khan group cap _c2012 |
||
| 300 | _a516 p. | ||
| 500 | _aH.B | ||
| 505 | _aForeword (Page-3)Towards Understanding Christianity (Page-5) Errors and Contradiction on Bible (Page-117) Religion of Jesus Christ or Rekigion of Saint Paul (Page-159) What Western Scholars say about Trinity (Page-184)Christianity Points to Ponder (Page-243) Why they have Chosen Islam (Page-285) Arrival of Muhammad (Peace Be Upon Him) is Mentioned 34 Times in Bible (Page-307) Questions about Christianity (Page-327)Contents (Page-347)Let the Bible Speak (Page-347) What Quraan Says about Christaianity (Page-419) Inter Faith Essays (Page-483) | ||
| 538 | _aAlmirah No.47 Shelf No.6 | ||
| 942 |
_2ddc _cBK _k230.01 CHR |
||